00915cam a22002651 4500001001300000003000400013005001700017008004100034010001700075035001900092040001800111042001200129050002900141100003300170245009700203250001600300260003500316300002300351490003400374500004400408500009300452651004800545651003900593999001700632f 01001628 DLC20260227111240.0810109r18921855fr 000 0 fre  af 01001628  a(OCoLC)7054715 aDLCcOCldDLC apremarc00aPT2317b.A1 1895 vol. 101 aHeine, Heinrich,d1797-1856.10aLutèce;blettres sur la vie politique, artistique et sociale de la France par Henri Heine. aNouv. éd. aParis,bCalmann Lévy,c1892. axv, 420 p.c19 cm.0 aŒuvres complètes ...v[10] aOn cover: Bibliothèque contemporaine. a"Edition originale" published Paris, Michel Lévy frères, 1855. cf. Vicaire's Manuel. 0aFrancexPolitics and governmenty1830-1848. 0aParis (France)xIntellectual life. c22612d22612